000 00484nam a2200169Ia 4500
008 180921t2016 xxu||||| |||| 00| 0 sin d
041 _asin
080 _a001
_bDAN
100 _aDandunna, Manila
245 _aසාමාන්‍ය දැනීම ලංකාවේ අත්පොත
246 _aSamanniya Deneema Lankawe Thorathuru
260 _bRead Me
_aAluthgama
_c2016
300 _b48p, 20cm
942 _cBK
999 _c1156
_d1156
003 LK-CoDNM
040 _aLK-CoDNM
_dLK-CoDNM
_eLK-CoDNM